000 00496cam a2200205 4500
001 B1139
008 090401t1983 xxu||||| |||| 00| 0 eng d
035 _a(Sirsi) u42767
041 _aeng
050 _a333.332
245 _aValuation and investment appraisal
260 _aLondon
_bEstates Gazette
_c1983
300 _ax,467p.
_c22cm.
350 _a18
650 _aFINANCIAL INSTITUTIONS
650 _aPROPERTY
700 _aDarlow, Clive.
_xEditor
942 _n0
948 _c04/03/1997
999 _c91174
_d91174